000 00665nam a2200289Ia 4500
005 20260324140346.0
008 008 260324s9999 xx 000 0 eng d
020 _a9781849773836
037 _aEBOOK
040 _aCRL
040 _beng
040 _cCRL
041 _2eng
041 _aeng
084 _qCRL
100 _aMichael Mason
_91188651
245 0 _aEnvironmental Democracy
245 2 _bA Contextual Approach
260 _bTaylor and Francis
260 _c1999
365 _a
365 _b29.95
856 _uhttp://www.taylorfrancis.com/books/9781849773836
942 _cEBOOK
999 _c1806094
_d1806094